000
00238nam a2200097Ia 4500
001
1219985
005
20250827092802.0
008
250824s9999 xx 000 0 und d
245
0
_a
ANNA KARENİNA 1
_c
L.N. TOLSTOY
260
_b
MEB YAYINLARI
999
_c
1219985
_d
1219985